| 000 | 00886cam a2200253 a 4500 | ||
|---|---|---|---|
| 001 | 000017375 | ||
| 005 | 20200929165108.0 | ||
| 008 | 760625s1965 sp 001 0 spa d | ||
| 040 |
_aDO-SdBNP _bspa _cDLC _dBNPHU |
||
| 082 |
_a791.82 _bC947 |
||
| 245 | 0 | 0 |
_aCrónicas taurinas : _bantología / _cRealizó la recopilación y presentación José Altabella. |
| 260 |
_aMadrid, España : _bTaurus Ediciones, _c1965. |
||
| 300 |
_a146 p. ; _c19 cm. |
||
| 490 | 1 | _aSer y tiempo | |
| 490 | 1 |
_aTemas de España _v33 |
|
| 504 | _aIncluye referencias bibliográficas (p. 47). | ||
| 650 | 4 |
_aCorridas de toros _zEspaña _938042 |
|
| 650 | 4 |
_aCorridas de toros en la literatura _938043 |
|
| 650 | 4 |
_aCrónicas taurinas _zEspaña _938044 |
|
| 700 | 1 |
_aAltabella, José _938045 |
|
| 830 | 0 |
_aSer y tiempo ; _ptemas de España _v33 _938046 |
|
| 910 | _aCatalogación por copia / LC | ||
| 049 | _aBNGR | ||
| 999 |
_c16900 _d16900 |
||